[Event "?"]
[Site "?"]
[Date "2013.04.16"]
[Round "?"]
[White "Petrukhina, Irina"]
[Black "Pustovoitova, Daria"]
[Result "1-0"]
[WhiteElo "2222"]
[BlackElo "2269"]
[PlyCount "69"]
[EventDate "2013.??.??"]

1. d4 Nf6 2. c4 c5 3. d5 b5 4. cxb5 a6 5. f3 e6 6. e4 exd5 7. e5 Qe7 8. Qe2 Ng8
9. Nc3 Bb7 10. Nh3 Qd8 11. Bg5 Be7 12. Qd2 d4 13. Na4 Qc7 14. Rc1 Qxe5+ 15. Kf2
axb5 16. Bf4 Qh5 17. Bxb5 Bh4+ 18. Bg3 Ne7 19. Rxc5 Bxg3+ 20. hxg3 Qg6 21. Qxd4
Nbc6 22. Qc3 d5 23. Nf4 Qd6 24. Rd1 O-O 25. Nxd5 Kh8 26. Ne3 Qe6 27. Bc4 Qg6
28. Nb6 Rad8 29. Nd7 Rfe8 30. Bd3 Qe6 31. Rh5 Qxe3+ 32. Kxe3 Nd5+ 33. Kd2 Nxc3
34. Rxh7+ Kg8 35. Rdh1 1-0

[Event "?"]
[Site "?"]
[Date "2013.04.16"]
[Round "?"]
[White "Belenkaya, Dina"]
[Black "Gvanceladze, Anna"]
[Result "1-0"]
[WhiteElo "2180"]
[BlackElo "2183"]
[PlyCount "82"]
[EventDate "2013.??.??"]

1. e4 c6 2. d4 d5 3. exd5 cxd5 4. Bd3 Nc6 5. c3 Qc7 6. h3 Nf6 7. Nf3 g6 8. O-O
Bg7 9. Re1 O-O 10. Na3 Bf5 11. Bxf5 gxf5 12. Ne5 e6 13. Nd3 Kh8 14. Bf4 Qd8 15.
Nc2 Ne7 16. a4 Ng6 17. Be5 Rg8 18. Bh2 Ne4 19. f3 Nd6 20. Ne3 Bf6 21. Kh1 Rg7
22. Qe2 Bg5 23. g4 fxg4 24. hxg4 Be7 25. Rg1 Rc8 26. Raf1 Nc4 27. f4 Bd6 28.
Ne5 Bxe5 29. fxe5 Qb6 30. Rf2 Qc7 31. Ng2 Qd7 32. Qd1 Rcg8 33. Bg3 Qe7 34. Qc1
Rf8 35. Rgf1 Nb6 36. Qh6 Nd7 37. Rf6 Rgg8 38. R6f3 f6 39. exf6 Rxf6 40. Rxf6
Nxf6 41. Rxf6 Qd8 1-0

[Event "?"]
[Site "?"]
[Date "2013.04.16"]
[Round "?"]
[White "Suslova, Alena"]
[Black "Rjanova, Valery"]
[Result "0-1"]
[WhiteElo "2194"]
[BlackElo "2170"]
[PlyCount "142"]
[EventDate "2013.??.??"]

1. Nf3 Nf6 2. c4 g6 3. Nc3 Bg7 4. g3 O-O 5. Bg2 d6 6. d4 Nc6 7. O-O Bd7 8. b3
e5 9. e3 Qc8 10. Re1 Bg4 11. Qd2 h6 12. dxe5 dxe5 13. Bb2 Re8 14. Nd5 Ne4 15.
Qc2 Bf5 16. Nh4 Nd6 17. Nxf5 Nxf5 18. Rad1 Nd8 19. Ba3 c6 20. Nc3 Bf8 21. Bb2
Ng7 22. f4 exf4 23. Ne4 Rxe4 24. Qxe4 fxg3 25. hxg3 Nde6 26. Re2 Nf5 27. Be5
Ng5 28. Qf4 Qe6 29. g4 Nh4 30. Qf6 Qxe5 31. Qxe5 Nhf3+ 32. Bxf3 Nxf3+ 33. Kg2
Nxe5 34. Kg3 Bc5 35. e4 a5 36. Red2 Kg7 37. Rd8 Rxd8 38. Rxd8 Kf6 39. Kf4 g5+
40. Kg3 a4 41. Rh8 axb3 42. axb3 Kg7 43. Rb8 b6 44. Rd8 Be3 45. Kh3 Bf4 46. Rc8
Bd2 47. Rb8 Ba5 48. Rc8 c5 49. Rc7 Nd3 50. Kg2 Nc1 51. e5 Nd3 52. Re7 Kf8 53.
Ra7 Nxe5 54. Kg3 Nd3 55. Kf3 Nc1 56. Ke4 Nxb3 57. Ke5 Kg7 58. Rd7 Bc3+ 59. Kd5
Nd4 60. Re7 Ba5 61. Kd6 h5 62. Re5 f6 63. Re7+ Kg6 64. gxh5+ Kxh5 65. Rf7 f5
66. Ke5 Kg4 67. Rg7 Nf3+ 68. Kd5 Kf4 69. Rf7 g4 70. Rg7 g3 71. Rg8 Ng5 0-1

[Event "?"]
[Site "?"]
[Date "2013.04.16"]
[Round "?"]
[White "Kashlinskaya, Alina"]
[Black "Bivol, Alina"]
[Result "0-1"]
[WhiteElo "2305"]
[BlackElo "2223"]
[PlyCount "84"]
[EventDate "2013.??.??"]

1. d4 d5 2. Nf3 c6 3. c4 e6 4. Qc2 Nf6 5. g3 Be7 6. Bg2 O-O 7. O-O Ne4 8. Nbd2
f5 9. Ne5 Nd7 10. Nxd7 Bxd7 11. Nxe4 fxe4 12. f3 exf3 13. exf3 Bf6 14. Be3 c5
15. dxc5 d4 16. Bf2 Qc7 17. f4 Rad8 18. Be4 h6 19. Rad1 Qxc5 20. Bxb7 a5 21.
Rfe1 Rb8 22. Bg2 Rfd8 23. b3 Rb6 24. Qe4 Rd6 25. Rd3 Bc6 26. Qe2 Be8 27. Be4
Bf7 28. g4 Re8 29. h4 g6 30. g5 hxg5 31. hxg5 Bg7 32. Rh3 e5 33. f5 gxf5 34.
Bxf5 e4 35. Bxe4 Re5 36. Kf1 Qc8 37. Rg3 Bg6 38. Qd3 Rxe4 39. Rxe4 Re6 40. Rgg4
Qc6 41. Bxd4 Bxe4 42. Qc3 Qd6 0-1

[Event "?"]
[Site "?"]
[Date "2013.04.17"]
[Round "?"]
[White "Rjanova, Valery"]
[Black "Kashlinskaya, Alina"]
[Result "0-1"]
[WhiteElo "2170"]
[BlackElo "2305"]
[PlyCount "64"]
[EventDate "2013.??.??"]

1. e4 e5 2. Nf3 Nc6 3. Bb5 a6 4. Ba4 Nf6 5. O-O Be7 6. Re1 b5 7. Bb3 d6 8. c3
O-O 9. h3 Nb8 10. d3 Nbd7 11. Nbd2 Bb7 12. Nf1 Nc5 13. Bc2 Re8 14. Ng3 Bf8 15.
Be3 h6 16. a4 Nxa4 17. Bxa4 bxa4 18. Rxa4 d5 19. Qc2 c5 20. c4 dxe4 21. dxe4
Nd7 22. Qc3 Qf6 23. Nd2 g6 24. f3 Rad8 25. Nb3 Nb6 26. Ra5 Rd4 27. Bxd4 exd4
28. Qd3 Qh4 29. Nxc5 Qxg3 30. Re2 Bxc5 31. Rxc5 Nd7 32. Rc7 Qxc7 0-1

[Event "?"]
[Site "?"]
[Date "2013.04.17"]
[Round "?"]
[White "Gvanceladze, Anna"]
[Black "Suslova, Alena"]
[Result "1-0"]
[WhiteElo "2183"]
[BlackElo "2194"]
[PlyCount "56"]
[EventDate "2013.??.??"]

1. d4 Nf6 2. Nf3 g6 3. Bf4 Bg7 4. e3 d6 5. h3 O-O 6. Be2 b6 7. O-O Bb7 8. c4
Nbd7 9. Nc3 Re8 10. d5 e5 11. Bg5 h6 12. Bh4 a5 13. a3 Qb8 14. Qc2 Nf8 15. Nd2
N6d7 16. e4 g5 17. Bg3 Ng6 18. Rfb1 Nf4 19. Bf1 h5 20. b4 Qd8 21. Na4 Nf6 22.
c5 h4 23. Bh2 g4 24. cxb6 cxb6 25. bxa5 Rxa5 26. Nc4 Rxa4 27. Qxa4 Nxe4 28.
Rxb6 Bxd5 1-0

[Event "?"]
[Site "?"]
[Date "2013.04.17"]
[Round "?"]
[White "Pustovoitova, Daria"]
[Black "Belenkaya, Dina"]
[Result "1/2-1/2"]
[WhiteElo "2269"]
[BlackElo "2180"]
[PlyCount "45"]
[EventDate "2013.??.??"]

1. d4 d5 2. c4 dxc4 3. e4 Nc6 4. Nf3 Nf6 5. Nc3 Bg4 6. Be3 e6 7. d5 exd5 8.
exd5 Ne5 9. Bxc4 Nxc4 10. Qa4+ c6 11. Qxc4 Bxf3 12. gxf3 cxd5 13. Qb5+ Qd7 14.
O-O-O Qxb5 15. Nxb5 Kd7 16. Bxa7 Bd6 17. Kb1 Be5 18. Bd4 Rhe8 19. Nc3 Rac8 20.
Rhg1 g6 21. Rg5 Bxd4 22. Nxd5 Nxd5 23. Rxd5+ 1/2-1/2

[Event "?"]
[Site "?"]
[Date "2013.04.17"]
[Round "?"]
[White "Petrova, Olga"]
[Black "Petrukhina, Irina"]
[Result "0-1"]
[WhiteElo "2238"]
[BlackElo "2222"]
[PlyCount "54"]
[EventDate "2013.??.??"]

1. e4 c5 2. Nf3 Nc6 3. d4 cxd4 4. Nxd4 Nf6 5. Nc3 d6 6. Bg5 e6 7. Qd2 Be7 8.
O-O-O O-O 9. f4 Nxd4 10. Qxd4 Qa5 11. Bc4 Bd7 12. e5 dxe5 13. fxe5 Bc6 14. Bd2
Bc5 15. Qh4 Nd7 16. Bd3 g6 17. Kb1 Qb6 18. Be4 Nxe5 19. Bxc6 Nxc6 20. Ne4 Be7
21. Qh6 e5 22. Bg5 f6 23. Rd7 Rf7 24. Bxf6 Ba3 25. b3 Rxd7 26. Qh3 Qd4 27. Qe6+
Rf7 0-1

[Event "?"]
[Site "?"]
[Date "2013.04.18"]
[Round "?"]
[White "Suslova, Alena"]
[Black "Pustovoitova, Daria"]
[Result "1-0"]
[WhiteElo "2194"]
[BlackElo "2269"]
[PlyCount "103"]
[EventDate "2013.??.??"]

1. c4 e5 2. Nc3 Nc6 3. g3 a6 4. Bg2 Bc5 5. e3 d6 6. Nge2 Ba7 7. O-O Nf6 8. d4
exd4 9. Nxd4 Nxd4 10. exd4 O-O 11. Qd3 Rb8 12. a4 Bd7 13. Be3 Ng4 14. Bf4 f5
15. h4 h6 16. Rae1 Qf6 17. c5 g5 18. Qc4+ Kh8 19. Nd5 Qg7 20. Bd2 c6 21. Nb6 d5
22. Qc3 Bxb6 23. cxb6 f4 24. f3 Nf6 25. hxg5 Nh5 26. Bxf4 Nxf4 27. gxf4 Rxf4
28. Re5 Bf5 29. gxh6 Qg6 30. Qe3 Rg8 31. Rf2 Qg3 32. Re7 Be4 33. Rg7 Rxg7 34.
hxg7+ Kxg7 35. Qe2 Bg6 36. Qe5+ Kh7 37. a5 Bd3 38. Qe7+ Kh6 39. Qe6+ Kg7 40.
Qe7+ Kh6 41. Qxb7 Rxd4 42. Qc7 Qg5 43. b7 Rc4 44. Qd6+ Kh5 45. Qh2+ Kg6 46.
Qd6+ Kh5 47. Qh2+ Kg6 48. Rf1 Rc1 49. Qd6+ Kf7 50. Rxc1 Qxc1+ 51. Kh2 Qg5 52.
Qd7+ 1-0

[Event "?"]
[Site "?"]
[Date "2013.04.18"]
[Round "?"]
[White "Kashlinskaya, Alina"]
[Black "Gvanceladze, Anna"]
[Result "1/2-1/2"]
[WhiteElo "2305"]
[BlackElo "2183"]
[PlyCount "110"]
[EventDate "2013.??.??"]

1. d4 Nf6 2. c4 e6 3. Nc3 Bb4 4. Qc2 c5 5. dxc5 O-O 6. a3 Bxc5 7. Nf3 b6 8. e3
Bb7 9. Bd3 Be7 10. Ne4 Nxe4 11. Bxe4 Bxe4 12. Qxe4 Nc6 13. O-O Qc7 14. b3 Bf6
15. Rb1 Ne7 16. Bb2 Bxb2 17. Rxb2 Rac8 18. Ng5 Ng6 19. h4 h6 20. h5 hxg5 21.
hxg6 f5 22. Qd4 Rf6 23. Rd2 Rd8 24. Rfd1 d6 25. e4 Rxg6 26. e5 d5 27. b4 Rh6
28. cxd5 Rxd5 29. Qe3 Rxd2 30. Qxd2 Qxe5 31. Qxg5 Qc3 32. Qd8+ Kh7 33. Qd3 Qc7
34. Qd6 Qf7 35. Rd3 Qf6 36. Rh3 Rxh3 37. gxh3 Qg5+ 38. Kf1 Qc1+ 39. Kg2 Qc4 40.
Qe7 Qe4+ 41. Kg1 a5 42. Qg5 Qf3 43. bxa5 bxa5 44. Qh4+ Kg6 45. Qa4 Qa8 46. Qd7
Qd5 47. Qe8+ Kg5 48. Qe7+ Kh6 49. Qe8 Qe5 50. Qh8+ Kg5 51. Qd8+ Kh5 52. Qh8+
Kg6 53. Qe8+ Kf6 54. Qf8+ Kg5 55. Qd8+ Kg6 1/2-1/2

[Event "?"]
[Site "?"]
[Date "2013.04.19"]
[Round "?"]
[White "Gvanceladze, Anna"]
[Black "Bivol, Alina"]
[Result "1-0"]
[WhiteElo "2183"]
[BlackElo "2223"]
[PlyCount "113"]
[EventDate "2013.??.??"]

1. d4 Nf6 2. Nf3 g6 3. Bf4 Bg7 4. e3 d6 5. h3 O-O 6. Be2 Nfd7 7. O-O e5 8. Bh2
Nc6 9. c4 f5 10. Nc3 e4 11. Nd2 Nf6 12. Rb1 Qe7 13. b4 Nd8 14. b5 Nf7 15. Qc2
g5 16. Rfc1 Be6 17. a4 Nh8 18. a5 Ng6 19. d5 Bd7 20. b6 axb6 21. axb6 c5 22.
dxc6 Bxc6 23. Nd5 Nxd5 24. cxd5 Bxd5 25. Bc4 Bf7 26. Bxf7+ Rxf7 27. Qb3 Be5 28.
Rc7 Bxh2+ 29. Kxh2 Qe5+ 30. Kg1 d5 31. Rxf7 Kxf7 32. Qb5 Re8 33. Rc1 f4 34. Rc5
fxe3 35. fxe3 Ne7 36. Rc1 Nc6 37. Nb3 Re7 38. Nc5 Nd8 39. Nd7 Qd6 40. Rf1+ Kg7
41. Nf6 Nc6 42. Qa4 Re6 43. Nh5+ Kh6 44. Qd1 d4 45. Rf5 Ne7 46. Rf7 dxe3 47.
Qg4 e2 48. Qxe2 Nd5 49. Ng7 Nf4 50. Qg4 Qxb6+ 51. Kh2 Rf6 52. Nf5+ Rxf5 53.
Qxf5 Ng6 54. Qd7 g4 55. h4 Nxh4 56. Rxh7+ Kg5 57. Qe7+ 1-0

[Event "?"]
[Site "?"]
[Date "2013.04.19"]
[Round "?"]
[White "Pustovoitova, Daria"]
[Black "Kashlinskaya, Alina"]
[Result "1-0"]
[WhiteElo "2269"]
[BlackElo "2305"]
[PlyCount "115"]
[EventDate "2013.??.??"]

1. d4 d5 2. c4 c6 3. Nc3 Nf6 4. Nf3 dxc4 5. a4 Bf5 6. Ne5 Nbd7 7. Nxc4 Qc7 8.
g3 e5 9. dxe5 Nxe5 10. Bf4 Nfd7 11. Bg2 g5 12. Ne3 gxf4 13. Nxf5 O-O-O 14. O-O
Nc5 15. Qc2 a5 16. Rad1 fxg3 17. hxg3 Re8 18. Rd4 Ne6 19. Rh4 Kb8 20. Na2 h5
21. b4 Ng4 22. Bf3 Bxb4 23. Nxb4 axb4 24. Qb2 Qe5 25. Qxe5+ Nxe5 26. Rxb4 Nxf3+
27. exf3 Kc7 28. Rfb1 Nc5 29. Rc4 Nd3 30. Ne3 Rd8 31. Rb5 h4 32. gxh4 Rxh4 33.
Rxb7+ Kxb7 34. Rxh4 c5 35. Nc4 Rd4 36. Rxd4 cxd4 37. Nd6+ Kb6 38. Nxf7 Ka5 39.
Nd8 Ne5 40. f4 d3 41. Kf1 Nf3 42. Ne6 Kb4 43. f5 Nd2+ 44. Ke1 Nc4 45. Ng5 d2+
46. Ke2 Kxa4 47. f6 Kb3 48. Ne4 Ne5 49. Kxd2 Kc4 50. Ng5 Nd7 51. f7 Nf8 52. Ke3
Kd5 53. Kf4 Kd6 54. Kf5 Ke7 55. f3 Kd6 56. Kf6 Nd7+ 57. Kg7 Ke5 58. Nh3 1-0

[Event "?"]
[Site "?"]
[Date "2013.04.19"]
[Round "?"]
[White "Petrukhina, Irina"]
[Black "Belenkaya, Dina"]
[Result "1/2-1/2"]
[WhiteElo "2222"]
[BlackElo "2180"]
[PlyCount "147"]
[EventDate "2013.??.??"]

1. d4 d5 2. c4 dxc4 3. Nf3 Nf6 4. e3 e6 5. Bxc4 c5 6. O-O a6 7. b3 Be7 8. Bb2
Nc6 9. dxc5 Qxd1 10. Rxd1 Bxc5 11. Nbd2 b6 12. Rac1 Bb7 13. Be2 Ke7 14. Ng5
Rac8 15. a3 Bd6 16. Bf3 Bb8 17. a4 Rhd8 18. Nc4 Rxd1+ 19. Rxd1 b5 20. axb5 axb5
21. Ba3+ Ke8 22. Nd6+ Bxd6 23. Rxd6 h6 24. Ne4 Nxe4 25. Bxe4 Ra8 26. Bb2 Ke7
27. Rxc6 Kd7 28. Rd6+ Kxd6 29. Bxb7 Ra7 30. Bf3 f6 31. Bd4 Rc7 32. Kf1 Rc1+ 33.
Ke2 e5 34. Bb6 Rb1 35. Bb7 Rxb3 36. e4 Ra3 37. Kd2 Ra1 38. h4 g5 39. hxg5 fxg5
40. Be3 Ra2+ 41. Kc3 h5 42. Bd5 Re2 43. Bf7 h4 44. Bh5 Re1 45. Bxg5 Rxe4 46. f3
Re2 47. Bxh4 Rxg2 48. Bf6 Rg1 49. Bd8 Rc1+ 50. Kb2 Rc8 51. Ba5 Rg8 52. Bb4+ Ke6
53. Bg4+ Kd5 54. Bf5 Rg3 55. Be4+ Kc4 56. Bd6 Rg2+ 57. Kc1 Kd4 58. Bb4 Rg5 59.
Kc2 Kc4 60. Bd2 Rg3 61. Bd3+ Kc5 62. Be3+ Kb4 63. Bd2+ Ka4 64. Be4 Rg7 65. Kb2
b4 66. Bc6+ Ka5 67. Kb3 Kb6 68. Be4 Kc5 69. Bxb4+ Kd4 70. Bc3+ Ke3 71. Kc4 Rc7+
72. Kb4 Rf7 73. Bxe5 Re7 74. Bf6 1/2-1/2

[Event "?"]
[Site "?"]
[Date "2013.04.20"]
[Round "?"]
[White "Bivol, Alina"]
[Black "Pustovoitova, Daria"]
[Result "0-1"]
[WhiteElo "2223"]
[BlackElo "2269"]
[PlyCount "80"]
[EventDate "2013.??.??"]

1. e4 c5 2. Nf3 d6 3. d4 cxd4 4. Nxd4 Nf6 5. Nc3 a6 6. h3 e6 7. g4 h6 8. Bg2
Nc6 9. O-O Qb6 10. Nxc6 bxc6 11. Rb1 Be7 12. Be3 Qc7 13. f4 O-O 14. h4 Nh7 15.
g5 hxg5 16. hxg5 e5 17. fxe5 dxe5 18. g6 Nf6 19. gxf7+ Rxf7 20. Na4 Be6 21. b3
Raf8 22. Nc5 Qa7 23. b4 Ng4 24. Rxf7 Rxf7 25. Qe2 Nxe3 26. Qxe3 Bxa2 27. Rd1
Bc4 28. Kh2 Bxc5 29. bxc5 Qe7 30. Rd6 Qh4+ 31. Kg1 Qg4 32. Qh3 Rf1+ 33. Kh2
Qf4+ 34. Qg3 Rf2 35. Qxf4 exf4 36. Kg1 Rxc2 37. Rxc6 Be2 38. Bh3 Bd3 39. Bg4
Bxe4 40. Rxa6 Rg2+ 0-1

[Event "?"]
[Site "?"]
[Date "2013.04.20"]
[Round "?"]
[White "Rjanova, Valery"]
[Black "Gvanceladze, Anna"]
[Result "0-1"]
[WhiteElo "2170"]
[BlackElo "2183"]
[PlyCount "80"]
[EventDate "2013.??.??"]

1. e4 c6 2. d4 d5 3. Nd2 dxe4 4. Nxe4 Bf5 5. Ng3 Bg6 6. h4 h6 7. Nf3 Nd7 8. h5
Bh7 9. Bd3 Bxd3 10. Qxd3 e6 11. Bd2 Ngf6 12. O-O-O Be7 13. Ne4 Nxe4 14. Qxe4
Nf6 15. Qd3 c5 16. Kb1 Rc8 17. Ne5 O-O 18. dxc5 Qc7 19. f4 Rfd8 20. Qe2 Qxc5
21. Be3 Qb4 22. Rxd8+ Bxd8 23. Nd3 Qb5 24. Bd4 Nd5 25. Qf2 Bf6 26. Bxf6 Nxf6
27. Qxa7 Ne4 28. Qe3 Nc3+ 29. Ka1 Nxa2 30. Qa7 Rxc2 31. Kxa2 Qxd3 32. Qb8+ Kh7
33. Qxb7 Rc5 34. Qa8 Qc4+ 35. Kb1 Qc2+ 36. Ka2 Qc4+ 37. Kb1 Rc6 38. Rh3 Qf1+
39. Ka2 Ra6+ 40. Qxa6 Qxa6+ 0-1

[Event "?"]
[Site "?"]
[Date "2013.04.21"]
[Round "?"]
[White "Pustovoitova, Daria"]
[Black "Rjanova, Valery"]
[Result "0-1"]
[WhiteElo "2269"]
[BlackElo "2170"]
[PlyCount "66"]
[EventDate "2013.??.??"]

1. d4 Nf6 2. c4 e6 3. g3 c5 4. d5 exd5 5. cxd5 d6 6. Nc3 g6 7. Bg2 Bg7 8. Nf3
O-O 9. O-O a6 10. a4 Nbd7 11. Nd2 Nh5 12. h3 Re8 13. Kh2 f5 14. f4 Ndf6 15. a5
Re3 16. Rf3 Re8 17. Qc2 Bd7 18. Nc4 Bb5 19. Nb6 Rb8 20. Nxb5 axb5 21. Rb3 Ne4
22. g4 c4 23. Re3 Qh4 24. Rxe4 Qg3+ 25. Kh1 Qe1+ 26. Kh2 Qg3+ 27. Kh1 fxe4 28.
e3 Qe1+ 29. Kh2 Qg3+ 30. Kh1 Nxf4 31. exf4 e3 32. Qe2 Qxf4 33. Qf3 Qd4 0-1

[Event "?"]
[Site "?"]
[Date "2013.04.21"]
[Round "?"]
[White "Petrova, Olga"]
[Black "Bivol, Alina"]
[Result "1-0"]
[WhiteElo "2238"]
[BlackElo "2223"]
[PlyCount "71"]
[EventDate "2013.??.??"]

1. e4 e6 2. d4 d5 3. Nc3 Bb4 4. e5 c5 5. a3 Bxc3+ 6. bxc3 Ne7 7. h4 b6 8. h5 h6
9. Qg4 Qc7 10. Ra2 cxd4 11. cxd4 Nf5 12. Rh3 Ba6 13. Bxa6 Nxa6 14. Ne2 Rc8 15.
Qf4 Qd7 16. g4 Ne7 17. Rf3 Rf8 18. Rb2 Rc4 19. Nc3 Nc5 20. Rb4 Rxb4 21. axb4
Na4 22. Qd2 Nxc3 23. Qxc3 Qc8 24. b5 Qxc3+ 25. Rxc3 Kd7 26. Ba3 Ra8 27. Bd6 Ke8
28. Rc7 Nc8 29. Bb4 g6 30. hxg6 fxg6 31. Rg7 g5 32. Rg6 Kd7 33. Rxh6 a5 34.
Rh7+ Kd8 35. Ba3 a4 36. f4 1-0

[Event "?"]
[Site "?"]
[Date "2013.04.21"]
[Round "?"]
[White "Petrukhina, Irina"]
[Black "Kashlinskaya, Alina"]
[Result "0-1"]
[WhiteElo "2222"]
[BlackElo "2305"]
[PlyCount "60"]
[EventDate "2013.??.??"]

1. d4 d5 2. c4 e6 3. Nf3 c6 4. e3 Bd6 5. b3 f5 6. Bd3 Nf6 7. O-O O-O 8. Bb2 Bd7
9. Ne5 Be8 10. Nd2 Bh5 11. Qc2 Nbd7 12. f3 c5 13. Rae1 Rc8 14. Qb1 cxd4 15.
exd4 Bb4 16. Rf2 Ne4 17. fxe4 Nxe5 18. exd5 Ng4 19. Rfe2 Qc7 20. Nf3 Bxe1 21.
Qxe1 exd5 22. Re7 Qd6 23. c5 Qf6 24. Bc1 Rce8 25. Bg5 Rxe7 26. Qh4 Qe6 27. Bxe7
Qe3+ 28. Kf1 Qxd3+ 29. Kg1 Qe3+ 30. Kf1 Re8 0-1

[Event "?"]
[Site "?"]
[Date "2013.04.21"]
[Round "?"]
[White "Belenkaya, Dina"]
[Black "Suslova, Alena"]
[Result "1-0"]
[WhiteElo "2180"]
[BlackElo "2194"]
[PlyCount "87"]
[EventDate "2013.??.??"]

1. e4 c5 2. Nf3 g6 3. d4 cxd4 4. Nxd4 Nf6 5. Nc3 d6 6. Be2 Bg7 7. O-O O-O 8.
Be3 Nc6 9. Qd2 Ng4 10. Bxg4 Bxg4 11. Nd5 Rc8 12. Rac1 Bd7 13. c4 Ne5 14. b3 Ng4
15. Bg5 f6 16. Bf4 f5 17. exf5 gxf5 18. Bg5 Nf6 19. Rfe1 e5 20. Nb5 Bxb5 21.
cxb5 Rxc1 22. Rxc1 Rf7 23. Rc4 Qf8 24. Bxf6 Bxf6 25. Nxf6+ Rxf6 26. Rc7 b6 27.
Rxa7 Kh8 28. Qd5 Qh6 29. Rc7 Rf8 30. Qb7 f4 31. Rc8 f3 32. Rxf8+ Qxf8 33. Qxf3
Qc8 34. g3 Kg7 35. a4 Qc5 36. Qc6 Qd4 37. Qc4 Qd1+ 38. Kg2 Kf6 39. a5 bxa5 40.
b6 e4 41. Qxe4 Kg7 42. Qe7+ Kg6 43. Qe6+ Kg7 44. b7 1-0

[Event "?"]
[Site "?"]
[Date "2013.04.22"]
[Round "?"]
[White "Kashlinskaya, Alina"]
[Black "Belenkaya, Dina"]
[Result "1-0"]
[WhiteElo "2305"]
[BlackElo "2180"]
[PlyCount "81"]
[EventDate "2013.??.??"]

1. d4 d5 2. c4 dxc4 3. Nf3 e6 4. e4 b5 5. a4 c6 6. Nc3 b4 7. Ne2 Ba6 8. Ng3 c5
9. Be3 Nc6 10. d5 Na5 11. Qc2 exd5 12. exd5 Nf6 13. Be2 Bd6 14. O-O O-O 15.
Rad1 Re8 16. Rfe1 Qd7 17. Bg5 Bxg3 18. hxg3 Ne4 19. Bf4 f6 20. Bf1 b3 21. Qc1
Rad8 22. Nd2 Nxd2 23. Bxd2 Nb7 24. Rxe8+ Qxe8 25. Bc3 Nd6 26. Re1 Qf7 27. g4
Bb7 28. g5 f5 29. Qf4 Bxd5 30. Rd1 Qe6 31. Re1 Qf7 32. Qe5 Ne4 33. Rd1 Nxc3 34.
Qxc3 Re8 35. Rxd5 Kf8 36. Qxc4 Rc8 37. Rxc5 Qxc4 38. Rxc4 Rb8 39. Rc7 a6 40.
Bxa6 Ra8 41. Rc8+ 1-0

[Event "?"]
[Site "?"]
[Date "2013.04.22"]
[Round "?"]
[White "Bivol, Alina"]
[Black "Petrukhina, Irina"]
[Result "1-0"]
[WhiteElo "2223"]
[BlackElo "2222"]
[PlyCount "105"]
[EventDate "2013.??.??"]

1. d4 Nf6 2. c4 g6 3. Nc3 d5 4. Nf3 Bg7 5. Bf4 O-O 6. e3 c5 7. dxc5 Qa5 8. Rc1
dxc4 9. Qa4 Qxc5 10. Qxc4 Qxc4 11. Bxc4 Nc6 12. O-O Bf5 13. Rfd1 Nh5 14. Bg3
Nxg3 15. hxg3 Rac8 16. Nh4 Bg4 17. f3 Bh6 18. Kf2 Ne5 19. Be2 Be6 20. f4 Ng4+
21. Bxg4 Bxg4 22. Nf3 Rfd8 23. e4 Bg7 24. Rxd8+ Rxd8 25. Rc2 Be6 26. e5 f6 27.
Re2 Kf7 28. a3 h6 29. Ne4 Rd5 30. Nc3 Rd8 31. Ne4 b6 32. Nc3 Bc4 33. Re4 Be6
34. Re2 g5 35. exf6 exf6 36. Ke1 Bf8 37. Re4 Bc5 38. b4 Bd6 39. Nd4 Bc8 40.
Ncb5 Bb7 41. Nxd6+ Rxd6 42. Nf5 Rd7 43. Re2 Kg6 44. Ne7+ Kh5 45. Ng8 Rd6 46. f5
Bc8 47. Rd2 Rc6 48. Rc2 Rd6 49. Rxc8 Kg4 50. Nxh6+ Kxg3 51. Re8 Kxg2 52. Re6
Rd3 53. Rxf6 1-0

[Event "?"]
[Site "?"]
[Date "2013.04.22"]
[Round "?"]
[White "Gvanceladze, Anna"]
[Black "Pustovoitova, Daria"]
[Result "0-1"]
[WhiteElo "2183"]
[BlackElo "2269"]
[PlyCount "70"]
[EventDate "2013.??.??"]

1. d4 Nf6 2. c4 g6 3. Nc3 d5 4. cxd5 Nxd5 5. Bd2 Bg7 6. e4 Nb6 7. Be3 O-O 8.
Bb5 a6 9. Be2 Nc6 10. d5 Ne5 11. Bd4 c5 12. Bxc5 Nec4 13. Qb3 Qc7 14. Bxb6 Nxb6
15. Nf3 Bg4 16. O-O Bxf3 17. Bxf3 Nc4 18. Rfc1 b5 19. Be2 Rfc8 20. Nd1 Qa5 21.
Bf1 Rc7 22. a4 Nd2 23. Qa3 Nxf1 24. Kxf1 Rac8 25. Rxc7 Rxc7 26. axb5 Qxb5+ 27.
Kg1 Rc2 28. Qxe7 Qe2 29. Qe8+ Bf8 30. h4 Rd2 31. Qa4 Bd6 32. g3 Bxg3 33. Kg2
Qg4 34. e5 Bf4+ 35. Kf1 Qh3+ 0-1

[Event "?"]
[Site "?"]
[Date "2013.04.23"]
[Round "?"]
[White "Petrova, Olga"]
[Black "Gvanceladze, Anna"]
[Result "1-0"]
[WhiteElo "2238"]
[BlackElo "2183"]
[PlyCount "119"]
[EventDate "2013.??.??"]

1. e4 c6 2. d4 d5 3. e5 Bf5 4. Nf3 e6 5. Be2 Nd7 6. O-O Bg6 7. a4 Nh6 8. Nbd2
Be7 9. Nb3 Nf5 10. a5 a6 11. g4 Nh4 12. Nxh4 Bxh4 13. f4 f5 14. exf6 Bxf6 15.
c4 O-O 16. g5 Be7 17. c5 e5 18. dxe5 Nxc5 19. Nd4 Bf7 20. Bg4 Ne4 21. Ne6 Bxe6
22. Bxe6+ Kh8 23. Qg4 Bc5+ 24. Kg2 g6 25. Rf3 Qe7 26. h4 Rae8 27. Bd7 Rd8 28.
e6 Bd4 29. h5 Qc5 30. hxg6 Qc2+ 31. Kh3 hxg6 32. Qh4+ Kg8 33. Qh6 Qd1 34. Qxg6+
Bg7 35. Raa3 Qxc1 36. e7 Qh1+ 37. Kg4 Qg2+ 38. Kh5 Qh2+ 39. Rh3 Qe2+ 40. Bg4
Ng3+ 41. Raxg3 Qxe7 42. Be6+ Rf7 43. Kg4 Kf8 44. Bxf7 Qxf7 45. Qxf7+ Kxf7 46.
f5 d4 47. f6 Bf8 48. Kh5 c5 49. b3 Rd5 50. Rd3 Bd6 51. Rhf3 Bf8 52. Rf4 Bd6 53.
Rf1 Bf8 54. Rdf3 Ke6 55. Kg6 Re5 56. f7 Ke7 57. Rf5 Re6+ 58. Kh7 Re3 59. g6 Rg3
60. Re1+ 1-0

[Event "?"]
[Site "?"]
[Date "2013.04.23"]
[Round "?"]
[White "Petrukhina, Irina"]
[Black "Rjanova, Valery"]
[Result "0-1"]
[WhiteElo "2222"]
[BlackElo "2170"]
[PlyCount "104"]
[EventDate "2013.??.??"]

1. e4 c5 2. Nf3 Nc6 3. d4 cxd4 4. Nxd4 Nf6 5. Nc3 d6 6. Bg5 Bd7 7. Nb3 a6 8.
Qd2 e6 9. Be2 b5 10. O-O h6 11. Bxf6 Qxf6 12. f4 Qd8 13. Rae1 Be7 14. e5 dxe5
15. fxe5 Bg5 16. Qd6 Bh4 17. Bh5 g6 18. Bf3 Qb6+ 19. Kh1 Bxe1 20. Rxe1 O-O-O
21. Qd2 Ne7 22. Ne4 Bc6 23. Qb4 Nf5 24. c4 Kb8 25. Na5 Nd4 26. cxb5 Qxb5 27.
Nxc6+ Nxc6 28. Qc3 Rd3 29. a4 Qd5 30. Nf6 Rxc3 31. Bxd5 Rc2 32. Be4 Rc4 33. b3
Rc3 34. Bxc6 Rxc6 35. Ne4 Rhc8 36. Kg1 Rc1 37. Kf2 Rxe1 38. Kxe1 Rc2 39. Nd2
Kc7 40. Ke2 Rc3 41. b4 Ra3 42. a5 Ra4 43. Nc4 Rxb4 44. Nd6 Ra4 45. Nxf7 Rxa5
46. Nxh6 Rxe5+ 47. Kd3 Rh5 48. Ng4 Rh4 49. Ne5 Rxh2 50. Nxg6 Rxg2 51. Nf4 Rg3+
52. Kd2 Kd6 0-1

[Event "?"]
[Site "?"]
[Date "2013.04.23"]
[Round "?"]
[White "Suslova, Alena"]
[Black "Kashlinskaya, Alina"]
[Result "1/2-1/2"]
[WhiteElo "2194"]
[BlackElo "2305"]
[PlyCount "60"]
[EventDate "2013.??.??"]

1. c4 f5 2. Nf3 Nf6 3. d4 g6 4. h4 Bg7 5. Nc3 d6 6. Bf4 Nh5 7. g3 Nxf4 8. gxf4
c5 9. dxc5 dxc5 10. Qxd8+ Kxd8 11. Rd1+ Ke8 12. Nb5 Na6 13. Ne5 Be6 14. b3 Bxe5
15. fxe5 Kf7 16. Bg2 Nb4 17. O-O Nxa2 18. Ra1 a6 19. Nc7 Nc3 20. Nxa8 Nxe2+ 21.
Kh2 Rxa8 22. Bxb7 Rb8 23. Bd5 Bxd5 24. cxd5 Rxb3 25. Rxa6 Nf4 26. Rd1 Rh3+ 27.
Kg1 Ne2+ 28. Kf1 Nf4 29. Kg1 Ne2+ 30. Kf1 Nf4 1/2-1/2

[Event "?"]
[Site "?"]
[Date "2013.04.24"]
[Round "?"]
[White "Bivol, Alina"]
[Black "Suslova, Alena"]
[Result "1/2-1/2"]
[WhiteElo "2223"]
[BlackElo "2194"]
[PlyCount "83"]
[EventDate "2013.??.??"]

1. d4 f5 2. g3 Nf6 3. Bg2 g6 4. Nh3 Bg7 5. Nf4 O-O 6. c3 c6 7. h4 Qe8 8. h5 d6
9. hxg6 hxg6 10. Qb3+ e6 11. Nh3 Nbd7 12. Bf4 Qe7 13. Nd2 d5 14. Nf3 Nh7 15.
Nhg5 Nxg5 16. Bxg5 Qe8 17. Bh6 e5 18. Bxg7 Kxg7 19. dxe5 Nxe5 20. Nxe5 Qxe5 21.
Bf3 Rf7 22. O-O-O Be6 23. Qb4 f4 24. Rdg1 fxg3 25. Rxg3 Qf4+ 26. Qxf4 Rxf4 27.
Rhg1 Rf6 28. e4 dxe4 29. Bxe4 Bxa2 30. Bxg6 Kf8 31. Bh7 Ke7 32. Rg7+ Bf7 33.
Re1+ Kf8 34. Rg2 Re8 35. Rxe8+ Kxe8 36. Be4 Ke7 37. Kd2 Kd6 38. Ke3 a5 39. f4
b6 40. Rd2+ Ke7 41. f5 Rd6 42. Rh2 1/2-1/2

[Event "?"]
[Site "?"]
[Date "2013.04.24"]
[Round "?"]
[White "Rjanova, Valery"]
[Black "Belenkaya, Dina"]
[Result "0-1"]
[WhiteElo "2170"]
[BlackElo "2180"]
[PlyCount "58"]
[EventDate "2013.??.??"]

1. e4 c6 2. d4 d5 3. exd5 cxd5 4. Bd3 Nc6 5. c3 Qc7 6. h3 Nf6 7. Nf3 g6 8. O-O
Bf5 9. Bxf5 gxf5 10. Re1 e6 11. Ne5 Bd6 12. Bf4 Rg8 13. a4 Ne4 14. Na3 a6 15.
Qe2 Rg7 16. Bh2 O-O-O 17. f3 Nf6 18. Kh1 Nh5 19. g4 fxg4 20. hxg4 Nf6 21. Nxc6
Qxc6 22. Be5 Rg6 23. Rg1 Rdg8 24. b4 Kd7 25. b5 Rh6+ 26. Kg2 Qxc3 27. Rgc1
Rxg4+ 28. Kf2 Ne4+ 29. fxe4 Rf6+ 0-1